| 000 | 00926nas a2200253Ia 4500 | ||
|---|---|---|---|
| 001 | R020/75121 | ||
| 003 | IT-RoPAU | ||
| 008 | 151124c99999999xx |||||||||||| ||und|| | ||
| 040 | _aIT-RoPAU | ||
| 040 | _cIT-RoPAU | ||
| 041 | _aINGLESE | ||
| 100 |
_aMartinelli Vittorio _gCodice Aut. SPICS: 17960 |
||
| 210 | _aGRIFFITHIANA | ||
| 222 | _aGriffithiana | ||
| 245 |
_aGRIFFITHIANA, ANNO 11-N.32/33 (SETTEMBRE 1988) _bVera Vergani: A Silent Film Actress From Friuli |
||
| 250 | _a1a ed. | ||
| 260 |
_aGEMONA (UDINE) _bCINETECA DEL FRIULI _c1988 |
||
| 501 |
_bPaulus - SPICS - Società San Paolo EM (non-commercial uses only) _cCopyright2015 |
||
| 300 | _a6 p. [267-272] | ||
| 362 | _aANNO 011, N.32/33 (SETTEMBRE 1988) | ||
| 500 | _aVera Vergani Un'Attrice del Cinema Muto Proveniente Dal Friuli. Testo Italiano Originale a Pagina 107 Dello Stesso Volume. | ||
| 650 |
_aCINEMA _vPUBBLICAZIONE PERIODICA |
||
| 942 | _cCR | ||
| 999 |
_c129853 _d129853 |
||